[Event "Goch op 27th"]
[Site "Goch"]
[Date "2016.09.04"]
[Round "7"]
[White "Maes, Patrick"]
[Black "Kammann, Thomas"]
[Result "1-0"]
[WhiteElo "1949"]
[BlackElo "1591"]
[PlyCount "37"]
[EventDate "2016.09.01"]
[EventType "swiss"]
[EventRounds "7"]
[EventCountry "GER"]
[SourceTitle "EXT 2018"]
[Source "ChessBase"]
[SourceDate "2017.10.13"]
[SourceVersion "1"]
[SourceVersionDate "2017.10.13"]
[SourceQuality "1"]

1. e4 c5 2. d3 d5 3. Nd2 Nc6 4. Ngf3 d4 5. g3 e5 6. Bg2 Bd6 7. 0-0 Nge7 8. Nh4 0-0 9. f4 f5 10. fxe5 Nxe5 11. Ndf3 fxe4 12. Nxe5 Rxf1+ 13. Qxf1 Bxe5 14. Bxe4 Nc6 15. Nf3 Qd6 16. Ng5 Be6 17. Bxh7+ Kh8 18. Bf5 Bxf5 19. Nf7+ 1-0

[Event "Goch op 27th"]
[Site "Goch"]
[Date "2016.09.02"]
[Round "3"]
[White "Paulus, Jeffrey"]
[Black "Kammann, Thomas"]
[Result "1-0"]
[WhiteElo "1987"]
[BlackElo "1591"]
[PlyCount "39"]
[EventDate "2016.09.01"]
[EventType "swiss"]
[EventRounds "7"]
[EventCountry "GER"]
[SourceTitle "EXT 2018"]
[Source "ChessBase"]
[SourceDate "2017.10.13"]
[SourceVersion "1"]
[SourceVersionDate "2017.10.13"]
[SourceQuality "1"]

1. d4 e6 2. c4 c5 3. d5 d6 4. Nc3 Nf6 5. e4 Be7 6. f4 exd5 7. cxd5 0-0 8. Be2 Qa5 9. Bd2 a6 10. a4 Qc7 11. Nf3 Bd7 12. 0-0 Ne8 13. Qc2 Bf6 14. Be3 b6 15. Rad1 b5 16. e5 dxe5 17. fxe5 Bxe5 18. Nxe5 Qxe5 19. Bxc5 Bf5 20. Rxf5 1-0

[Event "Goch op 26th"]
[Site "Goch"]
[Date "2015.09.05"]
[Round "4"]
[White "Burg, Henk"]
[Black "Kammann, Thomas"]
[Result "1/2-1/2"]
[WhiteElo "1809"]
[BlackElo "1552"]
[PlyCount "140"]
[EventDate "2015.09.03"]
[EventType "swiss"]
[EventRounds "7"]
[EventCountry "GER"]
[SourceTitle "EXT 2018"]
[Source "ChessBase"]
[SourceDate "2017.10.13"]
[SourceVersion "1"]
[SourceVersionDate "2017.10.13"]
[SourceQuality "1"]

1. e4 c5 2. Nf3 Nc6 3. d4 cxd4 4. Nxd4 e6 5. Nc3 Bc5 6. Be3 Qb6 7. Na4 Qa5+ 8. c3 Bxd4 9. Bxd4 Nxd4 10. Qxd4 Nf6 11. e5 Nd5 12. Nc5 0-0 13. Bd3 f6 14. Nb3 Qc7 15. exf6 Rxf6 16. 0-0 b6 17. Be4 Bb7 18. g3 Raf8 19. Bxd5 Bxd5 20. Rad1 Bc4 21. Rfe1 R8f7 22. f4 Qc6 23. Re3 Ba6 24. Qd6 Qxd6 25. Rxd6 g5 26. Rd4 gxf4 27. Rxf4 Rxf4 28. gxf4 Rxf4 29. Nd4 Rf1+ 30. Kg2 Rb1 31. b4 Rb2+ 32. Kg3 Rxa2 33. h4 Bc4 34. Kf4 Kf7 35. Nf3 Kf6 36. Ne5 Rf2+ 37. Kg3 Rf1 38. Nxc4 Rd1 39. Nb2 Rb1 40. Nc4 Rg1+ 41. Kh3 Ke7 42. Rg3 Rh1+ 43. Kg4 d5 44. Ne5 Kd6 45. Nf7+ Kc6 46. Ng5 e5 47. Nxh7 a5 48. bxa5 bxa5 49. Nf6 a4 50. h5 Kc5 51. Nd7+ Kd6 52. Nb6 a3 53. Rg2 Rb1 54. Na4 Ra1 55. h6 a2 56. h7 Rh1 57. Rxa2 Rxh7 58. Rd2 Ra7 59. Nb2 Rf7 60. Nc4+ Ke6 61. Ne3 Rf4+ 62. Kg3 d4 63. cxd4 Rxd4 64. Re2 Rd3 65. Kf3 Kf6 66. Ra2 Rd6 67. Ra3 Rc6 68. Ra4 Rd6 69. Rc4 Kg5 70. Re4 Re6 1/2-1/2

[Event "Goch op 26th"]
[Site "Goch"]
[Date "2015.09.05"]
[Round "5"]
[White "Kammann, Thomas"]
[Black "Prang, Andreas"]
[Result "0-1"]
[WhiteElo "1552"]
[BlackElo "1886"]
[PlyCount "114"]
[EventDate "2015.09.03"]
[EventType "swiss"]
[EventRounds "7"]
[EventCountry "GER"]
[SourceTitle "EXT 2018"]
[Source "ChessBase"]
[SourceDate "2017.10.13"]
[SourceVersion "1"]
[SourceVersionDate "2017.10.13"]
[SourceQuality "1"]

1. e4 d6 2. Nf3 Nf6 3. Nc3 e5 4. Bc4 Be7 5. d4 Nbd7 6. 0-0 0-0 7. Ng5 c6 8. Bb3 b5 9. a3 Rb8 10. Kh1 h6 11. dxe5 dxe5 12. Nf3 Bc5 13. Qe1 Qb6 14. Be3 Bxe3 15. Qxe3 Qc7 16. h3 Nb6 17. Qe2 Nh5 18. Nd2 Nf4 19. Qf3 Be6 20. Rfd1 Rbd8 21. Ne2 Bxb3 22. Nxb3 Nxe2 23. Qxe2 Nc4 24. c3 a5 25. Rxd8 Rxd8 26. a4 Qb6 27. Qc2 Rd6 28. Kg1 Qd8 29. axb5 cxb5 30. Rb1 a4 31. Nc5 Rd2 32. Qc1 Qb6 33. Nd3 Rxd3 34. b3 Rd2 35. Qe1 axb3 36. Rxb3 Rb2 37. Rxb2 Nxb2 38. Qd2 Nc4 39. Qd5 Qb8 40. g3 Qe8 41. Kg2 Nb6 42. Qd6 Na4 43. Qc7 Kh7 44. h4 f6 45. g4 Qe6 46. f3 Qa2+ 47. Kg3 Qd2 48. Qc8 Qf4+ 49. Kg2 Qd2+ 50. Kg3 Qxc3 51. Qe8 Qc4 52. h5 Nc3 53. Qg6+ Kh8 54. Qe8+ Qg8 55. Qc6 b4 56. Qc5 Qb8 57. Qa5 b3 0-1

[Event "Goch op 26th"]
[Site "Goch"]
[Date "2015.09.03"]
[Round "1"]
[White "Kammann, Thomas"]
[Black "Coenen, Siegfried"]
[Result "0-1"]
[WhiteElo "1552"]
[BlackElo "2026"]
[PlyCount "90"]
[EventDate "2015.09.03"]
[EventType "swiss"]
[EventRounds "7"]
[EventCountry "GER"]
[SourceTitle "EXT 2018"]
[Source "ChessBase"]
[SourceDate "2017.10.13"]
[SourceVersion "1"]
[SourceVersionDate "2017.10.13"]
[SourceQuality "1"]

1. e4 e5 2. Nf3 Nf6 3. Bc4 Nxe4 4. Qe2 d5 5. Bb3 Nc6 6. d3 Nf6 7. Nxe5 Nxe5 8. Qxe5+ Be6 9. Bd2 Bd6 10. Qg5 h6 11. Qh4 Qe7 12. 0-0 0-0-0 13. Nc3 g5 14. Qa4 Bc5 15. Qa5 a6 16. Rae1 Bb4 17. Nxd5 Nxd5 18. Bxb4 Qxb4 19. Qxb4 Nxb4 20. Bxe6+ fxe6 21. Rxe6 Nxc2 22. Re4 Rxd3 23. Rc1 Rhd8 24. g3 Rd1+ 25. Rxd1 Rxd1+ 26. Kg2 Ne1+ 27. Kh3 h5 28. Re8+ Kd7 29. Rh8 Nd3 30. Rxh5 Nxf2+ 31. Kg2 Rd2 32. Kf3 Rxb2 33. Rxg5 Nh3 34. Rg7+ Kc6 35. g4 Rxa2 36. Kg3 Ra3+ 37. Kh4 b5 38. Rf7 b4 39. g5 Ng1 40. Kg4 Ra2 41. h3 Rg2+ 42. Kh4 b3 43. Rf6+ Kb5 44. g6 b2 45. Rf5+ c5 0-1

[Event "Goch op 24th"]
[Site "Goch"]
[Date "2013.09.07"]
[Round "4"]
[White "Millikan, Erlend"]
[Black "Kammann, Thomas"]
[Result "1-0"]
[WhiteElo "1750"]
[BlackElo "1564"]
[PlyCount "79"]
[EventDate "2013.09.05"]
[EventType "swiss"]
[EventRounds "7"]
[EventCountry "GER"]
[SourceTitle "EXT 2015"]
[Source "ChessBase"]
[SourceDate "2014.11.20"]
[SourceVersion "1"]
[SourceVersionDate "2014.11.20"]
[SourceQuality "1"]

1. d4 e6 2. Bf4 d5 3. e3 c5 4. c4 Nc6 5. Nf3 Nf6 6. Nc3 a6 7. Ne5 Be7 8. Qb3 0-0 9. cxd5 Nxd5 10. Nxd5 exd5 11. Nxc6 bxc6 12. dxc5 Bxc5 13. 0-0-0 Qf6 14. Qc3 Qxc3+ 15. bxc3 Bf5 16. Bd3 Bg6 17. Kc2 Ra7 18. Rb1 a5 19. a4 h6 20. Rb3 Re8 21. Rhb1 Be4 22. Rb8 Rae7 23. Rxe8+ Rxe8 24. Rb8 Rxb8 25. Bxb8 Bb6 26. Bxe4 dxe4 27. Bd6 f5 28. Kb3 Kf7 29. Kc4 Ke6 30. Bf8 Kf7 31. Bc5 Bc7 32. g3 h5 33. Bd4 g5 34. Kc5 h4 35. Kxc6 hxg3 36. hxg3 Bb8 37. Kd7 f4 38. exf4 gxf4 39. gxf4 Bxf4 40. c4 1-0

[Event "Goch op 24th"]
[Site "Goch"]
[Date "2013.09.06"]
[Round "3"]
[White "Kammann, Thomas"]
[Black "Auwens, Michiel"]
[Result "0-1"]
[WhiteElo "1564"]
[BlackElo "1869"]
[PlyCount "72"]
[EventDate "2013.09.05"]
[EventType "swiss"]
[EventRounds "7"]
[EventCountry "GER"]
[SourceTitle "EXT 2015"]
[Source "ChessBase"]
[SourceDate "2014.11.20"]
[SourceVersion "1"]
[SourceVersionDate "2014.11.20"]
[SourceQuality "1"]

1. e4 e5 2. Nf3 d6 3. Bb5+ c6 4. Ba4 Nf6 5. d3 Be7 6. Be3 0-0 7. 0-0 Nbd7 8. c3 Ng4 9. Nbd2 Nxe3 10. fxe3 Nc5 11. Bc2 f5 12. d4 Nxe4 13. Nxe4 fxe4 14. Bxe4 d5 15. Qb3 exd4 16. exd4 Bg4 17. Ne5 Bh5 18. Rf5 Rxf5 19. Bxf5 Qc7 20. Be6+ Kh8 21. Rf1 Bd6 22. Nf7+ Bxf7 23. Rxf7 Bxh2+ 24. Kh1 Qg3 25. Rf1 b5 26. Qb4 Qd6 27. Qxd6 Bxd6 28. Bd7 c5 29. dxc5 Bxc5 30. Bxb5 Rd8 31. Rf5 g6 32. Re5 Rd6 33. b3 Bb6 34. Be2 d4 35. cxd4 Rxd4 36. a4 Rh4# 0-1

[Event "Goch op 24th"]
[Site "Goch"]
[Date "2013.09.05"]
[Round "1"]
[White "Kammann, Thomas"]
[Black "Cebula, Jerzy"]
[Result "0-1"]
[WhiteElo "1564"]
[BlackElo "2002"]
[PlyCount "94"]
[EventDate "2013.09.05"]
[EventType "swiss"]
[EventRounds "7"]
[EventCountry "GER"]
[SourceTitle "EXT 2015"]
[Source "ChessBase"]
[SourceDate "2014.11.20"]
[SourceVersion "1"]
[SourceVersionDate "2014.11.20"]
[SourceQuality "1"]

1. e4 e5 2. Nf3 Nc6 3. Bb5 Nd4 4. Nxd4 exd4 5. c3 Qg5 6. Bf1 Bc5 7. d3 Qf6 8. Qf3 d6 9. Be2 Qxf3 10. Bxf3 a5 11. 0-0 Ne7 12. Bg5 Nc6 13. Nd2 a4 14. Rab1 0-0 15. cxd4 Bxd4 16. b4 axb3 17. axb3 Ra2 18. Nc4 Nb4 19. Rbd1 b5 20. Ne3 h6 21. Bf4 g5 22. Bg3 Bxe3 23. fxe3 g4 24. d4 gxf3 25. gxf3 Bh3 26. Rf2 Rfa8 27. Rfd2 Rxd2 28. Rxd2 Ra1+ 29. Kf2 Rb1 30. e5 d5 31. e4 Be6 32. exd5 Bxd5 33. Bf4 Kh7 34. e6 fxe6 35. Bxc7 Rxb3 36. f4 Rh3 37. Ke1 Nd3+ 38. Kf1 Re3 39. Rd1 Nxf4 40. Rb1 Nh3 41. Ra1 Kg6 42. Ra7 Bc4+ 43. Kg2 Ng5 44. Be5 Nf7 45. Bg3 Bd5+ 46. Kf2 Rd3 47. h4 h5 0-1

[Event "Goch op 23rd"]
[Site "Goch"]
[Date "2012.08.31"]
[Round "2"]
[White "Kammann, Thomas"]
[Black "May, Holger"]
[Result "0-1"]
[WhiteElo "1492"]
[BlackElo "1862"]
[PlyCount "58"]
[EventDate "2012.08.30"]
[EventType "swiss"]
[EventRounds "7"]
[EventCountry "GER"]
[SourceTitle "EXT 2015"]
[Source "ChessBase"]
[SourceDate "2014.11.20"]
[SourceVersion "1"]
[SourceVersionDate "2014.11.20"]
[SourceQuality "1"]

1. e4 d6 2. Nf3 c5 3. Bc4 e6 4. Nc3 Nf6 5. d4 cxd4 6. Nxd4 a6 7. Bb3 b5 8. 0-0 Be7 9. a3 0-0 10. Re1 Bb7 11. e5 dxe5 12. Rxe5 Nc6 13. Nxc6 Qxd1+ 14. Nxd1 Bxc6 15. Bg5 h6 16. Bh4 Rfd8 17. Ne3 g5 18. Nf5 Bf8 19. Bxe6 gxh4 20. Bb3 Bd5 21. Bxd5 Rxd5 22. Rxd5 Nxd5 23. Nxh4 Rc8 24. c3 Nb6 25. Re1 Nc4 26. Re2 Nxb2 27. Rxb2 Rxc3 28. g3 Bxa3 29. Ra2 b4 0-1

[Event "Goch op 20th"]
[Site "Goch"]
[Date "2009.10.03"]
[Round "4"]
[White "Rolf, Klaus"]
[Black "Kammann, Thomas"]
[Result "1-0"]
[WhiteElo "1856"]
[BlackElo "1333"]
[PlyCount "99"]
[EventDate "2009.10.01"]
[EventType "swiss"]
[EventRounds "7"]
[EventCountry "GER"]
[SourceTitle "EXT 2011"]
[Source "ChessBase"]
[SourceDate "2010.11.26"]
[SourceVersion "1"]
[SourceVersionDate "2010.11.26"]
[SourceQuality "1"]

1. c4 c5 2. Nf3 Nc6 3. g3 e6 4. Bg2 Nf6 5. 0-0 d5 6. d4 dxc4 7. Qa4 Bd7 8. dxc5 Bxc5 9. Qxc4 Bb6 10. Nc3 h6 11. Bf4 0-0 12. Rad1 Rc8 13. Qd3 Nb4 14. Qb1 Bc7 15. Ne5 Bxe5 16. Bxe5 Rc5 17. Bd6 Qc8 18. Bxc5 Qxc5 19. Ne4 Nxe4 20. Bxe4 Bb5 21. Bf3 Nc6 22. Rfe1 b6 23. Rc1 Qd6 24. Bxc6 Bxc6 25. Red1 Qc7 26. b4 Qb7 27. f3 Bb5 28. Qc2 a5 29. a4 Be8 30. b5 Qe7 31. Qe4 f5 32. Qe5 Bf7 33. Qd6 Qg5 34. Qxb6 h5 35. h4 Qxg3+ 36. Kf1 Qxh4 37. Qxa5 Qg3 38. Qb6 h4 39. Qf2 Qf4 40. Ra1 g5 41. Kg1 Kh7 42. b6 Rg8 43. Rd7 Rg7 44. b7 Qb8 45. Rc1 Qe5 46. Rc8 Qa1+ 47. Qf1 Qxa4 48. Rxf7 Rxf7 49. b8Q Qd4+ 50. Qf2 1-0

[Event "Goch op 20th"]
[Site "Goch"]
[Date "2009.10.02"]
[Round "2"]
[White "De Jonge, Mattanja"]
[Black "Kammann, Thomas"]
[Result "1-0"]
[WhiteElo "1894"]
[BlackElo "1333"]
[PlyCount "61"]
[EventDate "2009.10.01"]
[EventType "swiss"]
[EventRounds "7"]
[EventCountry "GER"]
[SourceTitle "EXT 2011"]
[Source "ChessBase"]
[SourceDate "2010.11.26"]
[SourceVersion "1"]
[SourceVersionDate "2010.11.26"]
[SourceQuality "1"]

1. d4 e6 2. c4 c5 3. Nf3 d5 4. cxd5 exd5 5. g3 Nf6 6. Bg2 Be7 7. 0-0 0-0 8. a3 c4 9. Nc3 Be6 10. b3 Qa5 11. Bd2 cxb3 12. Qxb3 Qc7 13. Rfc1 Nc6 14. Qb2 a6 15. Bf4 Qd7 16. Na4 Bd8 17. Nc5 Qe7 18. Nxb7 Qd7 19. Nc5 Qe7 20. Nb7 Qd7 21. Nc5 Qe7 22. Rab1 Na5 23. Nd2 Bf5 24. e4 Nxe4 25. Ndxe4 Bxe4 26. Re1 Nc4 27. Qb3 Qf6 28. Nxe4 dxe4 29. Qxc4 Bb6 30. Be5 Rfc8 31. Qxc8+ 1-0

[Event "Goch op 20th"]
[Site "Goch"]
[Date "2009.10.01"]
[Round "1"]
[White "Kammann, Thomas"]
[Black "Glinzk, Michael"]
[Result "0-1"]
[WhiteElo "1333"]
[BlackElo "2019"]
[PlyCount "86"]
[EventDate "2009.10.01"]
[EventType "swiss"]
[EventRounds "7"]
[EventCountry "GER"]
[SourceTitle "EXT 2011"]
[Source "ChessBase"]
[SourceDate "2010.11.26"]
[SourceVersion "1"]
[SourceVersionDate "2010.11.26"]
[SourceQuality "1"]

1. e4 c5 2. Nf3 e6 3. Bc4 d5 4. exd5 exd5 5. Bb5+ Bd7 6. Bxd7+ Qxd7 7. 0-0 Be7 8. d4 Nf6 9. Bg5 0-0 10. Nc3 cxd4 11. Nxd4 Nc6 12. Nxc6 bxc6 13. Re1 h6 14. Bh4 Rfe8 15. Ne2 Qg4 16. Qd4 Qh5 17. Bg3 Ne4 18. Nf4 Qf5 19. Nd3 Bd8 20. b4 Bf6 21. Qe3 Bxa1 22. Rxa1 Nxg3 23. Qxg3 Re2 24. Rc1 Rae8 25. h3 Qe4 26. a3 Qc4 27. c3 h5 28. a4 h4 29. Qf3 R8e4 30. Kh2 Rd2 31. Nc5 Rf4 32. Qe3 Rfxf2 33. Rg1 Rde2 34. Qg5 Qf4+ 35. Qxf4 Rxf4 36. Nd3 Rc4 37. Rc1 Re3 38. Nc5 Rcxc3 39. Rf1 Rc2 40. Rf4 Rc4 41. Rxc4 dxc4 42. Kg1 c3 43. Kf1 c2 0-1

[Event "Goch op 18th"]
[Site "Goch"]
[Date "2007.10.07"]
[Round "6"]
[White "Kammann, Thomas"]
[Black "Bieker, Peter"]
[Result "1-0"]
[WhiteElo "1141"]
[BlackElo "1241"]
[PlyCount "51"]
[EventDate "2007.10.04"]
[EventType "swiss"]
[EventRounds "7"]
[EventCountry "GER"]
[SourceTitle "EXT 2011"]
[Source "ChessBase"]
[SourceDate "2010.11.26"]
[SourceVersion "1"]
[SourceVersionDate "2010.11.26"]
[SourceQuality "1"]

1. e4 c6 2. Nf3 d5 3. exd5 cxd5 4. d4 Bf5 5. Bb5+ Nd7 6. h3 e6 7. Ne5 Ngf6 8. Bg5 Qa5+ 9. Nc3 Qc7 10. Bxf6 gxf6 11. Nxd7 0-0-0 12. Nxf8 Rhxf8 13. g4 Bg6 14. Qd2 e5 15. 0-0-0 e4 16. Rdf1 f5 17. f3 Rd6 18. Qf4 f6 19. gxf5 Be8 20. fxe4 Bc6 21. exd5 Bxd5 22. Nxd5 Rxd5 23. Ba4 Rfd8 24. c3 Qa5 25. Bb3 Rxf5 26. Be6+ 1-0

[Event "Goch op 18th"]
[Site "Goch"]
[Date "2007.10.06"]
[Round "5"]
[White "Langhammer, Joerg"]
[Black "Kammann, Thomas"]
[Result "1/2-1/2"]
[WhiteElo "1382"]
[BlackElo "1141"]
[PlyCount "78"]
[EventDate "2007.10.04"]
[EventType "swiss"]
[EventRounds "7"]
[EventCountry "GER"]
[SourceTitle "EXT 2011"]
[Source "ChessBase"]
[SourceDate "2010.11.26"]
[SourceVersion "1"]
[SourceVersionDate "2010.11.26"]
[SourceQuality "1"]

1. e4 c5 2. Nf3 Nc6 3. d4 cxd4 4. Nxd4 e5 5. Nb3 Be7 6. Nc3 Nf6 7. Be2 0-0 8. Be3 a6 9. 0-0 b5 10. f3 Bb7 11. Nc5 Bxc5 12. Bxc5 Re8 13. Qd6 Na5 14. Bb6 Qc8 15. Bxa5 Re6 16. Qb4 d5 17. Nxd5 Bxd5 18. exd5 Nxd5 19. Qe1 Ne3 20. Bd2 Nxf1 21. Bxf1 Qxc2 22. Bc3 Qf5 23. Rd1 h5 24. Bd3 Qf4 25. Be4 Rb8 26. Qf2 Ree8 27. Qa7 Qf6 28. Rd7 b4 29. Be1 Red8 30. Rxd8+ Qxd8 31. Qxa6 Qd4+ 32. Kh1 Qxb2 33. Qd6 Rc8 34. h3 g6 35. Kh2 Rc1 36. Bh4 Qd4 37. Qf6 Qg1+ 38. Kg3 Qe1+ 39. Kh2 Qg1+ 1/2-1/2

[Event "Goch op 18th"]
[Site "Goch"]
[Date "2007.10.05"]
[Round "3"]
[White "Kammann, Thomas"]
[Black "Messing, Simon"]
[Result "0-1"]
[WhiteElo "1141"]
[BlackElo "1612"]
[PlyCount "136"]
[EventDate "2007.10.04"]
[EventType "swiss"]
[EventRounds "7"]
[EventCountry "GER"]
[SourceTitle "EXT 2011"]
[Source "ChessBase"]
[SourceDate "2010.11.26"]
[SourceVersion "1"]
[SourceVersionDate "2010.11.26"]
[SourceQuality "1"]

1. e4 e5 2. Nf3 Nc6 3. Bb5 Bc5 4. 0-0 Nge7 5. d3 0-0 6. Be3 Bb6 7. Nc3 d6 8. Ba4 Bg4 9. Nd5 Nxd5 10. exd5 Ne7 11. c4 Nf5 12. h3 Nxe3 13. fxe3 Bxe3+ 14. Kh1 Bh5 15. g4 Bg6 16. Qe2 Bc5 17. Bc2 Qd7 18. a3 a5 19. Kg2 f5 20. Nh4 fxg4 21. Qxg4 Qxg4+ 22. hxg4 Rf4 23. Rxf4 exf4 24. Kf3 Rf8 25. Rb1 Be8 26. b4 axb4 27. axb4 Bd4 28. Nf5 Bb6 29. d4 g6 30. c5 gxf5 31. cxb6 fxg4+ 32. Kxg4 cxb6 33. Kf3 Bg6 34. Bxg6 hxg6 35. Re1 Rf5 36. Re8+ Kf7 37. Rb8 Rxd5 38. Rxb7+ Ke6 39. Rxb6 Rxd4 40. b5 Rb4 41. Rb8 Kf5 42. b6 Rb3+ 43. Kf2 Kg4 44. b7 Rb2+ 45. Ke1 Kg3 46. Rg8 Rxb7 47. Rxg6+ Kf3 48. Rxd6 Rb1+ 49. Kd2 Kf2 50. Re6 f3 51. Kc2 Re1 52. Rg6 Re8 53. Kd2 Rd8+ 54. Kc2 Rh8 55. Kd3 Rh3 56. Kd2 Rg3 57. Rf6 Rg8 58. Rf7 Kg2 59. Ke1 Re8+ 60. Kd2 Kg3 61. Rg7+ Kh2 62. Rh7+ Kg1 63. Rg7+ Kf1 64. Rg6 f2 65. Kd1 Rh8 66. Rg7 Rh2 67. Kd2 Rg2 68. Rf7 Kg1 0-1

[Event "Goch op 17th"]
[Site "Goch"]
[Date "2006.10.14"]
[Round "5"]
[White "Kammann, Thomas"]
[Black "Der, Josef"]
[Result "0-1"]
[WhiteElo "1076"]
[BlackElo "1777"]
[PlyCount "138"]
[EventDate "2006.10.12"]
[EventType "swiss"]
[EventRounds "7"]
[EventCountry "GER"]
[SourceTitle "EXT 2008"]
[Source "ChessBase"]
[SourceDate "2007.11.25"]
[SourceVersion "1"]
[SourceVersionDate "2007.11.25"]
[SourceQuality "1"]

1. e4 d6 2. Nf3 Nc6 3. Bb5 Bd7 4. 0-0 e5 5. d3 Nf6 6. Be3 Be7 7. Nc3 a6 8. Ba4 Na5 9. Bxd7+ Qxd7 10. Qd2 Nc6 11. a4 0-0 12. Ne2 Ng4 13. Bg5 Bxg5 14. Qxg5 h6 15. Qf5 Rad8 16. h3 Nf6 17. Qxd7 Nxd7 18. d4 exd4 19. Nexd4 Nxd4 20. Nxd4 Rde8 21. Rfe1 g6 22. g4 Re7 23. b4 Rfe8 24. f3 d5 25. b5 dxe4 26. bxa6 c5 27. Rab1 cxd4 28. Rxb7 Nc5 29. Rxe7 Rxe7 30. fxe4 Nxa6 31. Kf2 Nc5 32. a5 Nxe4+ 33. Kg2 f5 34. a6 Ra7 35. Ra1 Nc5 36. Ra5 Ne6 37. Kf3 fxg4+ 38. Kxg4 Kf7 39. h4 h5+ 40. Kf3 Nc7 41. Ke4 Rxa6 42. Rxa6 Nxa6 43. Kxd4 Ke6 44. Ke4 Nc5+ 45. Kf4 Kf6 46. c4 Ne6+ 47. Kg3 Kf5 48. Kf3 Ke5 49. Ke3 Nc5 50. Kf3 Ne6 51. Ke3 Ng7 52. Kd3 Nf5 53. c5 Kd5 54. c6 Kxc6 55. Ke4 Nxh4 56. Kf4 Ng2+ 57. Kg3 Ne3 58. Kh4 Kd6 59. Kg5 Ke5 60. Kh4 Kf4 61. Kh3 g5 62. Kh2 Kf3 63. Kh3 Kf2 64. Kh2 g4 65. Kh1 h4 66. Kh2 g3+ 67. Kh1 g2+ 68. Kh2 g1Q+ 69. Kh3 Qh1# 0-1

[Event "Goch op 17th"]
[Site "Goch"]
[Date "2006.10.12"]
[Round "1"]
[White "Beckmann, Arne"]
[Black "Kammann, Thomas"]
[Result "1-0"]
[WhiteElo "1969"]
[BlackElo "1076"]
[PlyCount "59"]
[EventDate "2006.10.12"]
[EventType "swiss"]
[EventRounds "7"]
[EventCountry "GER"]
[SourceTitle "EXT 2008"]
[Source "ChessBase"]
[SourceDate "2007.11.25"]
[SourceVersion "1"]
[SourceVersionDate "2007.11.25"]
[SourceQuality "1"]

1. e4 c5 2. Nf3 Nc6 3. d4 cxd4 4. Nxd4 e5 5. Nf3 Bb4+ 6. Bd2 Bxd2+ 7. Qxd2 a6 8. Nc3 Nge7 9. 0-0-0 0-0 10. Bc4 b5 11. Bb3 Qb6 12. Nd5 Nxd5 13. Qxd5 Qxf2 14. Nxe5 Qf4+ 15. Kb1 Qxe5 16. Qd3 Rd8 17. Rhf1 Qh5 18. Bxf7+ Qxf7 19. Rxf7 Kxf7 20. Qd5+ Ke7 21. e5 Rf8 22. e6 Ra7 23. Qc5+ Ke8 24. exd7+ Bxd7 25. Re1+ Kf7 26. Rf1+ Ke6 27. Qxf8 g6 28. Rf6+ Kd5 29. Qd6+ Kc4 30. Rf4+ 1-0